01796nam a22003977a 4500003000500000005001700005008004100022010001100063011001100074035001100085040000900096090001000105100003600115245019000151260004000341500006000381502008000441590003700521590004100558590004100599590004100640590004100681590004100722590004200763650002300805650004200828650003300870856006400903901000700967942000900974949006300983949005801046999001901104952014001123952013501263CHAP20220329143919.0170812s2012 mx r 00010 spa d a103669 a104641 a115331 cCHAP aTesis1 aMontes Herrera, Victoria97788410aInfluencia de la variación de corte en madera aserrada en la productividad de la empresa "Servicios especializados forestales, S.A. de C.V.h[En línea]c/por Victoria Montes Herrera aChapingo, Méx. :bEl autor,c2012 aPara ver el contenido del material haga clic en la liga aTesis (Ing. Forestal Industrial) -- UACH. División de Ciencias Forestales aALEPHb10c20130110lUCH01h1545 aBATCH-UPDb10c20130110lUCH01h1532 aBATCH-UPDb10c20130410lUCH01h0657 aBATCH-UPDb10c20130914lUCH01h0418 aBATCH-UPDb10c20140324lUCH01h1532 aBATCH-UPDb10c20141002lUCH01h0854 aCONVERSIONb10c20130109lUCH01h135704aAserraderos.9789204aMadera aserradaxProducción.96964104aProductos forestales.992059 3Finding aiduhttp://10.13.5.2/tesis/115331.pdfzTeclea aqui aBK cFOLL aTesisbBCcTESd33724002341074eTS2fc.2h53717i115331st aTesisbBCcTESd33724002341116eTS1h53716i115331st c103669d103669 00102local4053708TESISaBCbBCcPA_TESISd2019-12-31fTESISl0oTesisp33724002341074r2019-12-31 00:00:00tc.2w2019-12-31yTESIS 00102local4051708TESISaBCbBCcPA_TESISd2019-12-31fTESISl0oTesisp33724002341116r2019-12-31 00:00:00w2019-12-31yTESIS